Die klein dogterjie wat nie wou grootword nie (Record no. 407122)

MARC details
000 -LEADER
fixed length control field 00301nam a2200097Ia 4500
082 ## - DEWEY DECIMAL CLASSIFICATION NUMBER
Classification number AKF TADJ
008 - FIXED-LENGTH DATA ELEMENTS--GENERAL INFORMATION
fixed length control field 210817s9999 xx 000 0 und d
100 ## - MAIN ENTRY--PERSONAL NAME
Personal name TADJO, Veronique Auckland Park, South Africa, 2011
9 (RLIN) 46529
245 #0 - TITLE STATEMENT
Title Die klein dogterjie wat nie wou grootword nie
942 ## - ADDED ENTRY ELEMENTS
item type Books

No items available.